[Event "Sparkassen-Open B"]
[Site "Heusenstamm, Martinsee"]
[Date "2021.11.21"]
[Round "6.20"]
[White "Spelleken, Mark"]
[Black "Pichl, Christoph"]
[Result "0-1"]
[WhiteElo "1434"]
[BlackElo "1528"]
[PlyCount "102"]
[EventDate "2021.??.??"]
[WhiteTeam "SC Kahl"]
[BlackTeam "SK Bad Homburg"]

1. d4 Nf6 2. c4 e6 3. Nc3 Bb4 4. a3 Bxc3+ 5. bxc3 O-O 6. Bg5 d5 7. Nf3 Nbd7 8.
cxd5 exd5 9. e3 c6 10. Ne5 Qa5 11. Qb3 Ne4 12. Be7 Re8 13. Bb4 Qc7 14. Nxd7
Bxd7 15. Bd3 c5 16. Bxe4 dxe4 17. Bxc5 b6 18. Qd5 bxc5 19. dxc5 Rac8 20. Rb1
Be6 21. Qb7 Qxc5 22. Rc1 Qxa3 23. O-O Rb8 24. Qxe4 Qc5 25. Qa4 Bc4 26. Rfe1 a5
27. h3 Bb3 28. Qd7 Red8 29. Qg4 a4 30. Rb1 Ra8 31. Qh4 Rdb8 32. Qf4 Rc8 33.
Rec1 Be6 34. Ra1 a3 35. e4 h6 36. Qd2 Qc4 37. f3 Rcb8 38. Rc2 a2 39. Kf2 Rb1
40. Rc1 Rab8 41. Ke1 Rxa1 42. Rxa1 Rb1+ 43. Rxb1 axb1=Q+ 44. Kf2 Qba2 45. Ke3
Qxd2+ 46. Kxd2 g5 47. Kc2 Qe2+ 48. Kc1 Kf8 49. Kb1 Bb3 50. g3 Qc2+ 51. Ka1 Qa2#
0-1

[Event "Sparkassen-Open B"]
[Site "Heusenstamm, Martinsee"]
[Date "2021.11.21"]
[Round "6.21"]
[White "Ulrich, Helena Irene"]
[Black "Özyar, Arin"]
[Result "1-0"]
[WhiteElo "1537"]
[BlackElo "1334"]
[PlyCount "55"]
[EventDate "2021.??.??"]
[WhiteTeam "SV Medizin Erfurt"]
[BlackTeam "SC Bad Soden"]

1. e4 e5 2. Nf3 Nc6 3. d4 exd4 4. Nxd4 Bc5 5. Be3 Qf6 6. c3 Nge7 7. Bc4 O-O 8.
O-O Ne5 9. Be2 Qb6 10. Qd2 d5 11. b4 Bxd4 12. Bxd4 Qe6 13. f4 N5c6 14. f5 Qd6
15. Bxg7 Kxg7 16. f6+ Qxf6 17. Rxf6 Kxf6 18. exd5 Rd8 19. Qf4+ Bf5 20. dxc6
bxc6 21. Nd2 Nd5 22. Ne4+ Ke6 23. Nc5+ Kf6 24. Qh6+ Bg6 25. Rf1+ Ke7 26. c4
Nxb4 27. Qe3+ Kd6 28. Rf6# 1-0

[Event "Sparkassen-Open B"]
[Site "Heusenstamm, Martinsee"]
[Date "2021.11.21"]
[Round "6.23"]
[White "Margraf, Dieter"]
[Black "Englert, Fred"]
[Result "1/2-1/2"]
[WhiteElo "1482"]
[BlackElo "1779"]
[PlyCount "46"]
[EventDate "2021.??.??"]
[WhiteTeam "SC Sulzbach-Rosenberg"]
[BlackTeam "SK Klingenberg"]

1. d4 d5 2. Bf4 c6 3. c3 g6 4. e3 Bg7 5. Bd3 Nf6 6. Nd2 Nbd7 7. h3 c5 8. Ngf3
Qb6 9. b3 cxd4 10. cxd4 Qa5 11. O-O O-O 12. Qc2 Qd8 13. Rac1 Qe8 14. a4 Nh5 15.
Bh2 e5 16. dxe5 Nxe5 17. Bb5 Nxf3+ 18. Nxf3 Bd7 19. Nd4 Qe7 20. Qc7 Rfd8 21.
Qxb7 Bf6 22. Rc7 Bxd4 23. exd4 Nf6 1/2-1/2

[Event "Sparkassen-Open B"]
[Site "Heusenstamm, Martinsee"]
[Date "2021.11.21"]
[Round "6.24"]
[White "Bigott, Martin"]
[Black "Kuchta, Maksim"]
[Result "1-0"]
[WhiteElo "1745"]
[BlackElo "1490"]
[PlyCount "89"]
[EventDate "2021.??.??"]
[WhiteTeam "SK Köln-Südwest"]
[BlackTeam "SC Heusenstamm"]

1. g3 e5 2. Nf3 Nc6 3. d4 exd4 4. Nxd4 Bc5 5. Nxc6 bxc6 6. Bg2 Nf6 7. O-O O-O
8. c4 d5 9. Nc3 Bb7 10. Bg5 Be7 11. Qc2 h6 12. Bxf6 Bxf6 13. Rad1 Bxc3 14. Qxc3
Qg5 15. cxd5 cxd5 16. Qxc7 Rab8 17. b3 Rfc8 18. Qd6 Rd8 19. Qf4 Qxf4 20. gxf4
Ba6 21. Rd2 Re8 22. Re1 d4 23. Bf3 d3 24. e4 Rbc8 25. f5 f6 26. Bg2 Rc2 27.
Red1 Rxd2 28. Rxd2 Rc8 29. Bf1 Rc2 30. Rd1 Rxa2 31. Bxd3 Bxd3 32. Rxd3 Re2 33.
Rd4 g6 34. Rd8+ Kg7 35. Rd7+ Kg8 36. fxg6 Rxe4 37. f3 Rb4 38. Rxa7 Rxb3 39. Kf2
Rb5 40. h4 h5 41. Rf7 Rf5 42. Kg3 Kh8 43. f4 Kg8 44. Kf3 Ra5 45. Ke4 1-0

[Event "Sparkassen-Open B"]
[Site "Heusenstamm, Martinsee"]
[Date "2021.11.21"]
[Round "6.25"]
[White "Englert, Lin"]
[Black "Reinhold, Günther"]
[Result "1-0"]
[WhiteElo "1476"]
[BlackElo "1716"]
[PlyCount "71"]
[EventDate "2021.??.??"]
[WhiteTeam "TV-Großostheim"]
[BlackTeam "Frankfurter TV"]

1. d4 Nf6 2. c4 e6 3. Nc3 c5 4. d5 exd5 5. cxd5 d6 6. Nf3 g6 7. e4 Bg7 8. h3
O-O 9. Bd3 Re8 10. O-O Nbd7 11. Qc2 a6 12. a4 Nh5 13. Re1 Ne5 14. Be2 Nxf3+ 15.
Bxf3 Qh4 16. Bxh5 Qxh5 17. Qe2 Qxe2 18. Rxe2 f5 19. f3 Bd4+ 20. Kf1 Bd7 21. Bf4
Be5 22. Bxe5 Rxe5 23. b3 Rae8 24. Rae1 fxe4 25. Rxe4 b5 26. Rxe5 Rxe5 27. Rxe5
dxe5 28. axb5 axb5 29. Ne4 Kf7 30. Nxc5 Ke7 31. Ke2 Kd6 32. Nxd7 Kxd7 33. Kd3
h6 34. Ke4 Kd6 35. b4 h5 36. h4 1-0

[Event "Sparkassen-Open B"]
[Site "Heusenstamm, Martinsee"]
[Date "2021.11.21"]
[Round "6.26"]
[White "Bergner, Matthias"]
[Black "de Boer, Alex"]
[Result "1-0"]
[WhiteElo "1632"]
[BlackElo "1213"]
[PlyCount "89"]
[EventDate "2021.??.??"]
[WhiteTeam "SV Neu-Isenburg"]
[BlackTeam "SK Bickenbach"]

1. d4 c6 2. Nf3 Nf6 3. g3 d5 4. Bg2 Bf5 5. O-O e6 6. c3 Bd6 7. Bg5 Nbd7 8. Nbd2
h6 9. Bxf6 Nxf6 10. Nh4 Bh7 11. Re1 Qc7 12. e4 dxe4 13. Nxe4 Nxe4 14. Bxe4 Bxe4
15. Rxe4 O-O-O 16. Nf3 g5 17. Ne5 f5 18. Re2 Bxe5 19. Rxe5 Qxe5 20. dxe5 Rxd1+
21. Rxd1 Rd8 22. Rxd8+ Kxd8 23. f4 a5 24. Kf2 gxf4 25. gxf4 b5 26. a3 Kc7 27.
Kg3 c5 28. Kh4 c4 29. Kh5 Kc6 30. Kxh6 b4 31. a4 Kd5 32. Kg5 Ke4 33. h4 Kd3 34.
h5 bxc3 35. bxc3 Kxc3 36. h6 Kb3 37. h7 Kxa4 38. h8=Q Kb3 39. Qb8+ Ka3 40. Qb5
c3 41. Qxa5+ Kb2 42. Qb6+ Kc1 43. Qxe6 c2 44. Qxf5 Kd2 45. Qxc2+ 1-0

[Event "Sparkassen-Open B"]
[Site "Heusenstamm, Martinsee"]
[Date "2021.11.21"]
[Round "6.27"]
[White "Pu, Tim Yu"]
[Black "Huang, Luca Hanson"]
[Result "0-1"]
[WhiteElo "1620"]
[BlackElo "1429"]
[PlyCount "78"]
[EventDate "2021.??.??"]
[WhiteTeam "SV Großauheim"]
[BlackTeam "SK Frankenthal"]

1. d4 Nf6 2. Nf3 e6 3. Bf4 d5 4. e3 Bd6 5. Bg3 c5 6. c4 O-O 7. Be2 Nc6 8. O-O
Bxg3 9. hxg3 b6 10. b3 Re8 11. Nc3 Ba6 12. Na4 cxd4 13. exd4 Ne4 14. c5 b5 15.
Nb2 Qa5 16. Nd3 Nc3 17. Qc2 f6 18. a3 e5 19. b4 Nxe2+ 20. Qxe2 Qc7 21. dxe5
fxe5 22. Nb2 e4 23. Nd2 Nd4 24. Qg4 Qe5 25. Rfc1 Bc8 26. Qd1 e3 27. Nf3 Nxf3+
28. Qxf3 Qxb2 29. Qxd5+ Be6 30. Qf3 Qxf2+ 31. Qxf2 exf2+ 32. Kxf2 Bc4 33. a4
Re2+ 34. Kg1 Bd5 35. axb5 Rxg2+ 36. Kf1 Rf8+ 37. Ke1 Re8+ 38. Kf1 Re6 39. c6
Rh6 0-1

[Event "Sparkassen-Open B"]
[Site "Heusenstamm, Martinsee"]
[Date "2021.11.21"]
[Round "6.28"]
[White "Schönfeld, Ulrich"]
[Black "Rotärmel, Leonie"]
[Result "1-0"]
[WhiteElo "1610"]
[BlackElo "1389"]
[PlyCount "51"]
[EventDate "2021.??.??"]
[WhiteTeam "TSV Kirchehrenbach"]
[BlackTeam "SV Oberursel"]

1. c4 e5 2. g3 Nf6 3. Bg2 Be7 4. Nc3 c6 5. e4 O-O 6. Nge2 d6 7. O-O Nbd7 8. d3
Nb6 9. f4 Nbd7 10. h3 c5 11. f5 Nb8 12. Bg5 Nc6 13. g4 Qb6 14. Qd2 Qd8 15. h4
Nd4 16. Bxf6 Nxe2+ 17. Qxe2 Bxf6 18. g5 Be7 19. Nd5 f6 20. Qh5 fxg5 21. Nxe7+
Qxe7 22. hxg5 Bd7 23. Rf3 h6 24. gxh6 Rf6 25. Rg3 Be8 26. Qh4 1-0

[Event "Sparkassen-Open B"]
[Site "Heusenstamm, Martinsee"]
[Date "2021.11.21"]
[Round "6.30"]
[White "Kosak, Karolina"]
[Black "Schmidt, Moritz"]
[Result "1-0"]
[WhiteElo "1319"]
[BlackElo "1425"]
[PlyCount "83"]
[EventDate "2021.??.??"]
[WhiteTeam "SV Frankfurt Nord"]
[BlackTeam "SVG Plettenberg"]

1. e4 c6 2. d4 d5 3. exd5 cxd5 4. Bd3 Nc6 5. c3 Nf6 6. Bf4 Bg4 7. Qb3 Qd7 8.
Nd2 e6 9. Ngf3 Be7 10. O-O O-O 11. Rae1 Na5 12. Qc2 b5 13. Ne5 Qb7 14. Nxg4
Nxg4 15. Bxh7+ Kh8 16. Bd3 Qc6 17. b4 Bd6 18. Bxd6 Qxd6 19. g3 Nc4 20. Nb3 e5
21. dxe5 Ncxe5 22. f4 Nxd3 23. Qxd3 Qh6 24. h4 Rg8 25. Qxd5 Rac8 26. Nc5 Rgd8
27. Qxf7 Qd6 28. Qh5+ Nh6 29. Qe5 Qg6 30. Qg5 Qc2 31. Qe5 Rd2 32. Qe4 Rcd8 33.
Qxc2 Rxc2 34. Rf2 Rdd2 35. Rxd2 Rxd2 36. a4 bxa4 37. Nxa4 Rd3 38. Kf2 Nf5 39.
g4 Nd6 40. Re3 Rd2+ 41. Re2 Ne4+ 42. Ke3 1-0

[Event "Sparkassen-Open B"]
[Site "Heusenstamm, Martinsee"]
[Date "2021.11.21"]
[Round "6.31"]
[White "Brunner, Andreas"]
[Black "Herrmann, Gerhard"]
[Result "0-1"]
[WhiteElo "1435"]
[BlackElo "1555"]
[PlyCount "96"]
[EventDate "2021.??.??"]
[WhiteTeam "Berkershm"]
[BlackTeam "SC Königsspringer Alzenau"]

1. Nf3 d5 2. c4 d4 3. e3 c5 4. g3 dxe3 5. dxe3 Qxd1+ 6. Kxd1 Bg4 7. Bg2 Nc6 8.
h3 Bd7 9. a3 Nf6 10. Nc3 e6 11. Ke2 Be7 12. Rd1 O-O 13. b3 Na5 14. Rb1 Rab8 15.
Nb5 a6 16. Ne5 Bxb5 17. cxb5 axb5 18. Nd7 Nxd7 19. Rxd7 Bf6 20. a4 b4 21. Be4
Rfd8 22. Rxd8+ Rxd8 23. Bd3 Bc3 24. Bd2 Bxd2 25. Kxd2 e5 26. Ke2 g6 27. Bc2 Kf8
28. Rd1 Rxd1 29. Kxd1 Ke7 30. e4 Ke6 31. Bd3 f5 32. Kc2 f4 33. g4 Kf6 34. h4 g5
35. hxg5+ Kxg5 36. Be2 h6 37. f3 h5 38. gxh5 Kxh5 39. Bb5 Kh4 40. Bd7 Kg3 41.
Bg4 Nc6 42. Kd3 Nd4 43. Bc8 b6 44. Kc4 Kxf3 45. Kd5 Nxb3 46. Kxe5 Nd4 47. Kd5
b3 48. e5 b2 0-1

[Event "Sparkassen-Open B"]
[Site "Heusenstamm, Martinsee"]
[Date "2021.11.21"]
[Round "6.32"]
[White "Laux, Filip"]
[Black "Burlutskaia, Maria"]
[Result "1/2-1/2"]
[WhiteElo "1320"]
[BlackElo "1415"]
[PlyCount "72"]
[EventDate "2021.??.??"]
[WhiteTeam "VSG Offenbach"]
[BlackTeam "TTC Grün-Weiß Fritzdorf"]

1. e4 d6 2. d4 Nf6 3. Nc3 e5 4. Nf3 Nbd7 5. Bc4 Be7 6. a4 O-O 7. O-O c6 8. Re1
h6 9. h3 Qc7 10. d5 Nb6 11. Bb3 cxd5 12. exd5 Bf5 13. Nb5 Qc8 14. a5 Nbd7 15.
Bd2 Nc5 16. Rc1 Nxb3 17. cxb3 Qd7 18. Nc3 Rfc8 19. b4 Ne8 20. Qe2 Nc7 21. Be3
Na6 22. Na2 Qa4 23. b5 Nb4 24. Nxb4 Qxb4 25. a6 b6 26. Qd2 Qxd2 27. Nxd2 Bd3
28. b3 Bxb5 29. Ra1 Bg5 30. Bxg5 hxg5 31. Ne4 f6 32. Nxd6 Rc5 33. Red1 Bd7 34.
b4 Rc2 35. Rdc1 Rxc1+ 36. Rxc1 Kf8 1/2-1/2

[Event "Sparkassen-Open B"]
[Site "Heusenstamm, Martinsee"]
[Date "2021.11.21"]
[Round "6.33"]
[White "Ghaznavi, Massoud"]
[Black "Neininger, Sarah"]
[Result "1/2-1/2"]
[WhiteElo "1510"]
[BlackElo "1380"]
[PlyCount "88"]
[EventDate "2021.??.??"]
[WhiteTeam "SV Oberursel"]
[BlackTeam "VSG Offenbach"]

1. e4 c5 2. c4 Nc6 3. Nc3 g6 4. d3 Bg7 5. Bd2 e6 6. Nf3 Nge7 7. Be2 O-O 8. O-O
d5 9. cxd5 exd5 10. exd5 Nxd5 11. a3 Bf5 12. Nxd5 Qxd5 13. Bc3 Rad8 14. Bxg7
Kxg7 15. Qc2 Nd4 16. Nxd4 Qxd4 17. Rfd1 Rfe8 18. Kf1 Re6 19. Rac1 Red6 20. Qc3
Qxc3 21. Rxc3 c4 22. Rxc4 Bxd3 23. Rxd3 Rxd3 24. Bxd3 Rxd3 25. Rb4 b6 26. Ke2
Rd5 27. f4 Kf6 28. g4 h5 29. h3 hxg4 30. hxg4 g5 31. a4 gxf4 32. Rxf4+ Ke6 33.
Ke3 Re5+ 34. Kd3 b5 35. a5 b4 36. Rxb4 Rxa5 37. Ke4 f5+ 38. gxf5+ Rxf5 39. Ra4
Rb5 40. b4 Kd6 41. Kd4 Kc6 42. Kc4 Kb6 43. Rxa7 Rxb4+ 44. Kxb4 Kxa7 1/2-1/2

[Event "Sparkassen-Open B"]
[Site "Heusenstamm, Martinsee"]
[Date "2021.11.21"]
[Round "6.34"]
[White "John, Volkmar"]
[Black "Hott, Arthur"]
[Result "1/2-1/2"]
[WhiteElo "1693"]
[BlackElo "1239"]
[PlyCount "40"]
[EventDate "2021.??.??"]
[WhiteTeam "SK Herborn"]
[BlackTeam "SC Bad Soden"]

1. c4 c6 2. g3 d5 3. Bg2 Nf6 4. Nf3 Bf5 5. O-O e6 6. b3 Nbd7 7. Bb2 Bd6 8. d3
O-O 9. Nbd2 Bc5 10. h3 h6 11. Re1 Nb6 12. d4 Be7 13. c5 Nbd7 14. b4 b6 15. Nb3
b5 16. Ne5 Nxe5 17. dxe5 Nd7 18. Nd4 Qc7 19. Nxf5 exf5 20. f4 a5 1/2-1/2

[Event "Sparkassen-Open B"]
[Site "Heusenstamm, Martinsee"]
[Date "2021.11.21"]
[Round "6.35"]
[White "Gärtner, Johannes"]
[Black "Raghavan, Badrinarayanan"]
[Result "0-1"]
[WhiteElo "1354"]
[BlackElo "1693"]
[PlyCount "50"]
[EventDate "2021.??.??"]
[WhiteTeam "SF Mainz"]
[BlackTeam "SK Gießen"]

1. c4 g6 2. d4 Bg7 3. Nc3 c5 4. d5 d6 5. Nf3 e5 6. e4 f5 7. g3 Nf6 8. Bd3 fxe4
9. Nxe4 O-O 10. O-O Bg4 11. Re1 Nxd5 12. Be2 Nb4 13. a3 Nc2 14. Qxc2 Bxf3 15.
Rd1 Bxe4 16. Qxe4 Qf6 17. Be3 Nc6 18. Qd5+ Kh8 19. Qxd6 Qxd6 20. Rxd6 Nd4 21.
Kf1 Nc2 22. Rc1 Nxe3+ 23. Ke1 Nf5 24. Rd5 Nd4 25. Rd1 b6 0-1

[Event "Sparkassen-Open B"]
[Site "Heusenstamm, Martinsee"]
[Date "2021.11.21"]
[Round "6.36"]
[White "Köberl, Christiane"]
[Black "Boll, Nils"]
[Result "1/2-1/2"]
[WhiteElo "1680"]
[BlackElo "1406"]
[PlyCount "56"]
[EventDate "2021.??.??"]
[WhiteTeam "VL Sulzbach"]
[BlackTeam "SV Großauheim"]

1. d4 Nf6 2. c4 e6 3. Nc3 Bb4 4. Bg5 d5 5. e3 c5 6. Nf3 cxd4 7. Bxf6 Qxf6 8.
exd4 dxc4 9. Qa4+ Nc6 10. Ne5 Bxc3+ 11. bxc3 Bd7 12. Nxd7 Kxd7 13. Bxc4 a6 14.
Qd1 b5 15. Be2 Rhd8 16. O-O Ke8 17. Bf3 Rac8 18. Qb1 Qg6 19. Be4 Qf6 20. a4
bxa4 21. Rxa4 Nb8 22. Qa1 Rd6 23. Ra5 Qf4 24. Bb7 Rc7 25. Qa4+ Ke7 26. Bxa6
Nxa6 27. Rxa6 Rxa6 28. Qxa6 Rxc3 1/2-1/2

[Event "Sparkassen-Open B"]
[Site "Heusenstamm, Martinsee"]
[Date "2021.11.21"]
[Round "6.37"]
[White "Althaus, Lennart"]
[Black "Papadopoulos, Leon"]
[Result "1-0"]
[WhiteElo "1620"]
[BlackElo "1337"]
[PlyCount "115"]
[EventDate "2021.??.??"]
[WhiteTeam "TV-Großostheim"]
[BlackTeam "SV Oberursel"]

1. c4 e5 2. Nc3 Nf6 3. g3 Bb4 4. Bg2 Bxc3 5. bxc3 c6 6. d4 exd4 7. cxd4 d6 8.
Bg5 h6 9. Bxf6 Qxf6 10. Nf3 O-O 11. O-O Re8 12. Re1 Bg4 13. Qd3 Nd7 14. Nd2 c5
15. Bxb7 Rab8 16. Bd5 cxd4 17. Ne4 Qg6 18. Qxd4 Ne5 19. f4 Nd7 20. Nxd6 Re7 21.
Bxf7+ Rxf7 22. Nxf7 Qxf7 23. e4 Nb6 24. Rab1 Rc8 25. c5 Qc4 26. Qxc4+ Nxc4 27.
Rbc1 Rxc5 28. Rc3 Rc8 29. Rec1 Nb6 30. Rxc8+ Bxc8 31. Rc7 a6 32. Kf2 a5 33. Ke3
Bg4 34. Kd4 Bf3 35. Rb7 Nc8 36. Rb8 Bg4 37. Ra8 Kh7 38. Rxa5 Ne7 39. Rc5 Bd1
40. Rc7 Ng8 41. e5 Ba4 42. Ra7 Bc2 43. a4 h5 44. a5 Nh6 45. e6 Ba4 46. e7 Kg6
47. Ra6+ Kf7 48. Rxh6 gxh6 49. Kc5 Kxe7 50. Kb6 Kf6 51. h4 Bc2 52. a6 Kf5 53.
a7 Be4 54. Kc7 Ba8 55. Kd7 Kg4 56. Ke6 Be4 57. Ke5 Bg2 58. f5 1-0

[Event "Sparkassen-Open B"]
[Site "Heusenstamm, Martinsee"]
[Date "2021.11.21"]
[Round "6.38"]
[White "Barth, Horst"]
[Black "Wolff, Sidney Robert"]
[Result "0-1"]
[WhiteElo "1320"]
[BlackElo "1604"]
[PlyCount "96"]
[EventDate "2021.??.??"]
[WhiteTeam "SF Mainz"]
[BlackTeam "Heilbronner SV"]

1. c4 d6 2. d4 c5 3. d5 g6 4. Nc3 Bg7 5. g3 Nf6 6. Bg2 O-O 7. Nf3 Na6 8. O-O
Nc7 9. a4 a5 10. Rb1 Na6 11. Na2 Bf5 12. Ra1 Qd7 13. Nc3 Rfd8 14. Re1 Nb4 15.
Ra2 Nxa2 16. Nxa2 Ne4 17. Nh4 Bd4 18. e3 Bf6 19. Nxf5 Qxf5 20. Qf3 Ng5 21. Qxf5
gxf5 22. h4 Ne4 23. Re2 Bg7 24. Kh2 Nf6 25. f3 Nd7 26. f4 Nf6 27. Bf3 h5 28.
Nc3 Ng4+ 29. Kg2 Bxc3 30. bxc3 Rab8 31. e4 e6 32. e5 Kf8 33. Ba3 b6 34. Bc1 Ke7
35. Re1 Rg8 36. Re2 Rg7 37. Kh3 Rbg8 38. Rg2 dxe5 39. fxe5 Nxe5 40. Bg5+ Rxg5
41. d6+ Kd7 42. hxg5 Nxf3 43. Rb2 Kc6 44. Rf2 Nxg5+ 45. Kg2 Ne4 46. Rf3 h4 47.
d7 Kxd7 48. Rd3+ Kc7 0-1

[Event "Sparkassen-Open B"]
[Site "Heusenstamm, Martinsee"]
[Date "2021.11.21"]
[Round "6.39"]
[White "Leichum, Engelbert"]
[Black "Jumah, Shayan"]
[Result "0-1"]
[WhiteElo "1603"]
[BlackElo "1264"]
[PlyCount "116"]
[EventDate "2021.??.??"]
[WhiteTeam "VL Frankfurt"]
[BlackTeam "SG Trier"]

1. e4 e6 2. d4 d5 3. e5 c5 4. Nf3 Nc6 5. Bd3 cxd4 6. Ng5 h6 7. Qh5 Nxe5 8. Bb5+
Bd7 9. Nxe6 Qe7 10. Bxd7+ Nxd7 11. O-O Qxe6 12. Bd2 Ngf6 13. Qh4 Be7 14. Qxd4
O-O 15. Re1 Bc5 16. Qh4 Qf5 17. Kh1 Bxf2 18. Rf1 Bxh4 19. Rxf5 Rfe8 20. Nc3 d4
21. Nb5 Re5 22. Rxe5 Nxe5 23. Nxd4 Rd8 24. c3 Nc4 25. Bf4 Bf2 26. b3 Bxd4 27.
cxd4 Rxd4 28. Bc7 Ne3 29. h3 Rd1+ 30. Rxd1 Nxd1 31. Kg1 Nd5 32. Bb8 a6 33. Ba7
N5c3 34. a4 f5 35. Kf1 Ne4 36. Ke2 Ndc3+ 37. Kd3 Kf7 38. h4 h5 39. a5 Nb5 40.
Be3 Ned6 41. Bf4 Ke6 42. g3 g6 43. Bg5 Kd5 44. Bd2 Ne4 45. Be1 Nc7 46. Ke3 Ne6
47. Kf3 Nd4+ 48. Kf4 Nxb3 49. Bb4 Nbc5 50. Ba3 Nd3+ 51. Ke3 Ne5 52. Be7 Nxg3
53. Bd8 Ng4+ 54. Kd2 Ne4+ 55. Ke2 Kd6 56. Kf3 Kd7 57. Bb6 Nd2+ 58. Kf4 Nc4 0-1

[Event "Sparkassen-Open B"]
[Site "Heusenstamm, Martinsee"]
[Date "2021.11.21"]
[Round "6.40"]
[White "Müftahi, Tunay"]
[Black "Fischer, Juliane"]
[Result "1/2-1/2"]
[WhiteElo "1286"]
[BlackElo "1515"]
[PlyCount "154"]
[EventDate "2021.??.??"]
[WhiteTeam "SK Gründau"]
[BlackTeam "SK Gernsheim"]

1. c4 e6 2. Nc3 d5 3. cxd5 exd5 4. g3 d4 5. Na4 Qd5 6. Nf3 b5 7. Bg2 bxa4 8.
Nh4 Qb5 9. Bxa8 c6 10. O-O Be7 11. Nf3 Bf6 12. d3 Ne7 13. Bf4 Nd7 14. Qc2 Nb6
15. Bxc6+ Qxc6 16. Qxc6+ Nxc6 17. a3 O-O 18. Kg2 Be6 19. Rac1 Rc8 20. Rc2 Bb3
21. Rc5 Be7 22. Rh5 h6 23. Rb5 Bd5 24. Rc1 g5 25. e4 dxe3 26. Rxd5 Nxd5 27.
Bxg5 Bxg5 28. Nxg5 e2 29. Nf3 Nde7 30. Re1 Rd8 31. Rxe2 Rxd3 32. Ne5 Nd4 33.
Re4 Rd2 34. Nc4 Re2 35. Rxd4 Rc2 36. Rd7 Nc6 37. Ne3 Rxb2 38. Rc7 Rb6 39. Nf5
h5 40. Nh6+ Kg7 41. Nxf7 Kf6 42. Nd6 Nd4 43. Ne8+ Kg6 44. Rxa7 Nb5 45. Rxa4 Re6
46. Ra5 Nxa3 47. Rxa3 Rxe8 48. Ra6+ Kf5 49. Ra5+ Kg6 50. Kh3 Re2 51. f4 Rf2 52.
Rg5+ Kh6 53. g4 hxg4+ 54. Rxg4 Kh5 55. Rh4+ Kg6 56. Kg4 Rg2+ 57. Kf3 Ra2 58.
Rg4+ Kf5 59. Rg5+ Kf6 60. h4 Rh2 61. h5 Rh1 62. Kg2 Rh4 63. Kg3 Rh1 64. Rb5 Kf7
65. Kg4 Rg1+ 66. Kf5 Kg7 67. Rb6 Ra1 68. h6+ Kh7 69. Kg5 Rg1+ 70. Kf5 Ra1 71.
Kg4 Rg1+ 72. Kf3 Rf1+ 73. Ke3 Re1+ 74. Kf2 Ra1 75. f5 Ra4 76. Ke3 Rc4 77. Rg6
Ra4 1/2-1/2

[Event "Sparkassen-Open B"]
[Site "Heusenstamm, Martinsee"]
[Date "2021.11.21"]
[Round "6.41"]
[White "Merz, Leander"]
[Black "Nimrichter, Christian"]
[Result "0-1"]
[WhiteElo "1268"]
[BlackElo "1446"]
[PlyCount "84"]
[EventDate "2021.??.??"]
[WhiteTeam "Schachforum Darmstadt"]
[BlackTeam "VSG Offenbach"]

1. d4 d5 2. c4 c5 3. Bf4 e6 4. e3 Bd6 5. Bg3 Nf6 6. Nc3 O-O 7. Bd3 dxc4 8. Bxc4
cxd4 9. Qxd4 Bxg3 10. hxg3 Qxd4 11. exd4 a6 12. Nf3 b5 13. Bb3 Rd8 14. O-O-O
Bb7 15. Rhe1 Nbd7 16. a3 Nb6 17. Kb1 Bxf3 18. gxf3 Rac8 19. Re5 g6 20. Ne4 Nxe4
21. fxe4 Nc4 22. Rg5 h6 23. Rg4 Kg7 24. d5 e5 25. Rh4 Nd6 26. Bc2 f6 27. Rhh1
Rh8 28. Bd3 a5 29. Rc1 b4 30. a4 Rxc1+ 31. Rxc1 Rc8 32. Rc6 Rxc6 33. dxc6 Kf7
34. Kc2 Ke7 35. f3 Kd8 36. Bb5 h5 37. Kd3 g5 38. Ke3 Kc7 39. b3 Nxb5 40. axb5
h4 41. gxh4 gxh4 42. f4 h3 0-1

[Event "Sparkassen-Open B"]
[Site "Heusenstamm, Martinsee"]
[Date "2021.11.21"]
[Round "6.44"]
[White "Gude, Michael"]
[Black "Matsoukas, Konstantinos"]
[Result "1-0"]
[WhiteElo "1643"]
[BlackElo "1148"]
[PlyCount "43"]
[EventDate "2021.??.??"]
[WhiteTeam "Frankfurter TV"]
[BlackTeam "Frankfurter TV"]

1. e4 e5 2. Nf3 Nc6 3. Bc4 Bc5 4. c3 Nf6 5. d3 O-O 6. h3 d5 7. exd5 Nxd5 8. O-O
Nb6 9. Bb3 Bf5 10. Bc2 Qd6 11. b4 Bxb4 12. cxb4 Qxb4 13. Ba3 Qb5 14. Bxf8 Qb2
15. Nbd2 Rxf8 16. Qc1 Qc3 17. Ne4 Qa5 18. Bb3 Nd4 19. Nxd4 exd4 20. Qxc7 Qa6
21. Rfd1 Rc8 22. Qxf7+ 1-0

[Event "Sparkassen-Open B"]
[Site "Heusenstamm, Martinsee"]
[Date "2021.11.21"]
[Round "6.45"]
[White "Goodwin, David"]
[Black "Klein, Simon"]
[Result "0-1"]
[WhiteElo "1542"]
[BlackElo "1379"]
[PlyCount "110"]
[EventDate "2021.??.??"]
[WhiteTeam "SV Kelsterbach"]
[BlackTeam "SK Hungen"]

1. Nf3 Nf6 2. g3 d5 3. d3 c5 4. Bg2 Nc6 5. a3 e5 6. Nbd2 b5 7. O-O Be7 8. b3
O-O 9. c4 e4 10. dxe4 dxe4 11. Ne1 bxc4 12. bxc4 Bf5 13. Nc2 Qc7 14. Ne3 Qd7
15. Nxf5 Qxf5 16. e3 Ne5 17. f3 exf3 18. Nxf3 Rfd8 19. Qe2 Qg4 20. h3 Qxc4 21.
Qxc4 Nxc4 22. Ng5 Rab8 23. e4 Rd4 24. Bf4 Rb3 25. e5 Nd5 26. Bxd5 Rxd5 27. e6
Bxg5 28. exf7+ Kf8 29. Bc7 Be3+ 30. Kh1 Rd7 31. Rad1 Rxd1 32. Rxd1 Bd4 33. Rf1
Rb7 34. Bd8 Nxa3 35. g4 Rxf7 36. Rd1 Nc4 37. Rb1 Bf6 38. Rb8 Bxd8 39. Rxd8+ Ke7
40. Rc8 Kd6 41. Kg2 Ne5 42. g5 c4 43. h4 Rc7 44. Rd8+ Rd7 45. Rc8 Rc7 46. Rd8+
Nd7 47. Rg8 c3 48. Rxg7 Ne5 49. Rg8 c2 50. Rd8+ Rd7 51. Rc8 Rc7 52. Rd8+ Nd7
53. Kg3 c1=Q 54. Rf8 Qa3+ 55. Rf3 Qxf3+ 0-1

[Event "Sparkassen-Open B"]
[Site "Heusenstamm, Martinsee"]
[Date "2021.11.21"]
[Round "6.48"]
[White "Wolff, Calvin"]
[Black "Moissl, Julian"]
[Result "1-0"]
[WhiteElo "1425"]
[BlackElo "1171"]
[PlyCount "27"]
[EventDate "2021.??.??"]
[WhiteTeam "Heilbronner SV"]
[BlackTeam "SK Bad Homburg"]

1. e4 e5 2. Nf3 Nc6 3. Bc4 Bc5 4. d3 Nf6 5. Nc3 d6 6. h3 Be6 7. Bb3 O-O 8. Bg5
Nd4 9. Nxd4 Bxd4 10. Qf3 c6 11. Qg3 g6 12. Qh4 h6 13. Bxf6 g5 14. Qxh6 1-0

[Event "Sparkassen-Open B"]
[Site "Heusenstamm, Martinsee"]
[Date "2021.11.21"]
[Round "6.50"]
[White "Junkers, Günter"]
[Black "Niesel, Markus"]
[Result "0-1"]
[WhiteElo "1235"]
[BlackElo "891"]
[PlyCount "74"]
[EventDate "2021.??.??"]
[WhiteTeam "SG Rödermark"]
[BlackTeam "SV Ffm-Griesheim"]

1. e4 e5 2. Nf3 Nc6 3. d4 exd4 4. Nxd4 Bc5 5. c3 Nf6 6. Nxc6 bxc6 7. Qe2 O-O 8.
e5 Nd5 9. Be3 Bxe3 10. fxe3 Re8 11. Nd2 Rxe5 12. Nc4 Ba6 13. Qf3 Bxc4 14. O-O-O
Bxa2 15. c4 Nb4 16. Rd2 Qe7 17. e4 Rc5 18. b3 Bxb3 19. Qxb3 Rb8 20. Bd3 Qe6 21.
Qc3 Nxd3+ 22. Rxd3 Rxc4 23. Kd2 Rxc3 24. Kxc3 Qb3+ 25. Kd4 Qb2+ 26. Ke3 Qxg2
27. Rhd1 f6 28. Rxd7 Qg5+ 29. Kf3 Rf8 30. Rd8 Rxd8 31. Rxd8+ Kf7 32. Rd7+ Kg6
33. Rxc7 Qh5+ 34. Kg2 Qg4+ 35. Kh1 Qxe4+ 36. Kg1 a5 37. Rd7 Qg4+ 0-1

[Event "Sparkassen-Open B"]
[Site "Heusenstamm, Martinsee"]
[Date "2021.11.21"]
[Round "6.51"]
[White "Grebe, Sabrina"]
[Black "Büttner, Anton"]
[Result "1/2-1/2"]
[WhiteElo "1049"]
[BlackElo "1234"]
[PlyCount "85"]
[EventDate "2021.??.??"]
[WhiteTeam "SC Heusenstamm"]
[BlackTeam "OSG Baden-Baden"]

1. e4 e5 2. Nf3 Nc6 3. Bc4 Nf6 4. d3 h6 5. c3 Bc5 6. d4 exd4 7. e5 Ng4 8. cxd4
Nxd4 9. Nxd4 Nxf2 10. Kxf2 Qh4+ 11. Ke3 Qg5+ 12. Kf3 Qh5+ 13. g4 Qh3+ 14. Kf2
b5 15. Bd5 c6 16. Bg2 Qh4+ 17. Kf3 d5 18. h3 O-O 19. Be3 f5 20. Ke2 fxg4 21.
hxg4 Qxg4+ 22. Bf3 Rxf3 23. Nxf3 Qg2+ 24. Kd3 Bf5+ 25. Kc3 Bxe3 26. Nbd2 a5 27.
a3 a4 28. Rh4 Bxd2+ 29. Qxd2 Qxf3+ 30. Kb4 Qb3+ 31. Kc5 Rc8 32. Re1 Qg3 33. Rf4
Be4 34. e6 Qg6 35. e7 Qe6 36. Rfxe4 dxe4 37. Qd8+ Kh7 38. Qd6 Qf5+ 39. Kb6 Qf2+
40. Kb7 Rg8 41. Rxe4 Qf7 42. Rf4 Qh5 43. Rf8 1/2-1/2